| 000 | 01286nam a2200217Ii 4500 | ||
|---|---|---|---|
| 008 | 221202s xx 000 0 und d | ||
| 245 | 0 | _aParticipation and Reconciliation | |
| 246 | _aPreconditions of Justice | ||
| 264 | 1 |
_aLeverkusen-Opladen _bVerlag Barbara Budrich _c2011 |
|
| 300 | _a1 online resource (268 pages) | ||
| 336 |
_atext _btxt _2rdacontent |
||
| 337 |
_acomputer _bc _2rdamedia |
||
| 338 |
_aonline resource _bcr _2rdacarrier |
||
| 490 |
_aSchriften der Katholischen Hochschule Nordrhein-Westfalen _v16 |
||
| 520 | _aIn order to make justice work, participation and reconciliation is needed within and between societies, peoples, and nations. In this compilation, authors—senior academics as well as students-- from Bethlehem University, Israel, and the Catholic University of Applied Sciences, Cologne, Germany, contribute to this important field. Thus, to some extent, the book in itself is an example of the subjects it deals with. | ||
| 653 | _aSocial & Cultural Anthropology | ||
| 700 | 1 | _aAdwan, Sami | |
| 700 | 1 | _aWildfeuer, Armin G. | |
| 856 | _uhttps://library.oapen.org/bitstream/20.500.12657/23725/1/1006419.pdfhttps://shop.budrich-academic.de/produkt/participation-and-reconciliation/http://library.oapen.org/handle/20.500.12657/23725 | ||
| 942 | _cE-BOOK | ||
| 999 |
_c64627 _d64627 |
||